Espaces marginaux et fronts pionniers du tourisme urbain : approcher les ruines urbaines au prisme de la notion d’(extra)ordinaire /

Detalles Bibliográficos
Autor principal: Le Gallou, Aude
Formato: Artículo
Lenguaje:Franc�s
Materias:
Etiquetas: Agregar Etiqueta
Sin Etiquetas, Sea el primero en etiquetar este registro!

MARC

LEADER 00000nab a22000005a 4500
001 AR-BbUGT10151
003 AR-BbUGT
005 20210922143402.0
007 ta
008 190715s2018 fr |||p |||| 00| 0 fre d
999 |c 15837  |d 15837 
040 |a AR-BbUGT  |b spa  |c AR-BbUGT  |e rca 
041 1 |a fre  |b eng  |h fre 
100 1 |a Le Gallou, Aude. 
245 1 0 |a Espaces marginaux et fronts pionniers du tourisme urbain :  |b approcher les ruines urbaines au prisme de la notion d’(extra)ordinaire /  |c Aude Le Gallou. 
300 |a p. 595-612 
505 2 |a Campo de estudio y metodología -- De la exploración urbana al turismo en ruinas: espacios y prácticas entre lo ordinario y lo extraordinario -- ¿Espacios ordinarios o extraordinarios? La categorización de las ruinas contemporáneas como marcador de apropiaciones espaciales contrastantes 
520 3 |a This article is concerned with emerging tourism valorisations of modern urban ruins with a focus on Berlin (Germany) and Detroit (United States). Leaning on a discussion of the notions of ‘ordinary’ and ‘extraordinary’, the paper analyses the processes of spatial (re)construction on which tourism appropriation of these marginal urban spaces is based. Ruin tourism questions the evolution of imaginaries and practices attached to modern urban ruins. Defined as frontiers for an increasingly ‘off the beaten tracks’ urban tourism, these spaces outline a range of issues related to the appropriation of the city space that reach far beyond the field of tourism. 
520 3 |a Cet article s’intéresse aux valorisations touristiques émergentes des ruines urbaines contemporaines à partir des cas de Berlin et de Détroit. En s’appuyant sur une discussion des notions d’ordinaire et d’extraordinaire, il analyse les processus de (re)construction spatiale qui accompagnent l’appropriation touristique de ces espaces urbains marginaux. Ce tourisme de ruines interroge en effet l’évolution des imaginaires et des pratiques dont ils font l’objet. Envisagés comme des fronts pionniers d’un tourisme urbain qui s’affirme hors des sentiers battus, les ruines contemporaines mettent ainsi en évidence des enjeux d’appropriation de l’espace urbain qui dépassent la seule sphère touristique. 
651 4 |a Berlín (Alemania)  |9 258 
653 |a Ruinas urbanas 
653 |a Turismo urbano 
653 |a Turismo de ruinas 
653 |a Espacios marginales 
653 |a Espacios ordinarios 
653 |a Espacios extraordinarios 
653 |a Detroit 
773 0 |x 0004-5322  |w AR-BbUGT7067  |d París : L'Association de Géographes Francais, [1924] - .  |t Bulletin de l'Association de Géographes Francais  |g Vol. 95, no. 4 (déc. 2018), p. 595-612  |q 95:4:595<612. 
942 |c ARTPP  |2 ddc